00633nam a2200181 a 4500008004100000020001500041050001800056100001500074245002700089260004300116300002300159350000900182650001500191650001500206995008700221999001700308952012600325120416s1973 ||||||||||||||||| || u a0442041519 aTA 418.14 Joh aJohnson, W10aEngineering plasticity aNew York:bVan Nostrand Reinholdc1973 axviii, 646p. : ill a0.00 aMETAL WORK aPlasticity D0.00FCBU-MAIN LIBRARY (Kitwe)H1I7.50M1UAVAILABLEZAnnex Low-Usage Collection  c41985d41985 00102lcc4070a001b001cAnnex Low-Usage Collection d2022-11-30l0oTA 418.14 Johp014855r2022-11-30w2022-11-30y002